| 000 | 00712cam a2200217 a 4500 | ||
|---|---|---|---|
| 001 | 12337995 | ||
| 005 | 20260430070314.0 | ||
| 008 | 010307s2002 enk b 001 0 eng | ||
| 010 | _a 2001025636 | ||
| 020 | _a052179627X pbk. | ||
| 082 | 0 | 0 | _a327.1 SYL |
| 100 | 1 |
_aSylvester, Christine, _d1949- |
|
| 245 | 1 | 0 |
_aFeminist international relations : _ban unfinished journey / _cChristine Sylvester. |
| 260 |
_aNew York : _bCambridge University Press, _c2002. |
||
| 300 |
_axii, 350 p. ; _c24 cm. |
||
| 365 | _bRas. 895 | ||
| 650 | 0 |
_aInternational relations _xPhilosophy. |
|
| 650 | 0 | _aFeminist theory. | |
| 856 | 4 | 1 |
_3Table of contents _uhttp://www.loc.gov/catdir/toc/cam022/2001025636.html |
| 942 |
_2ddc _cBK |
||
| 999 |
_c20576 _d20576 |
||